🌏 Capitales d'OcĂ©anie - Ordre alphabĂ©tique - Statistiques

Statistiques générales
  • Ce quiz a Ă©tĂ© pris 68 fois
  • Le rĂ©sultat moyen est 11 sur 14
Statistiques - réponses
Pays Capitale % Correct
Australie Canberra
100%
Nouvelle-Zélande Wellington
96%
Papouasie-Nouvelle-Guinée Port Moresby
84%
Samoa Apia
82%
Fidji Suva
82%
Nauru Yaren
82%
Salomon Honiara
80%
Tonga Nuku'alofa
76%
Micronésie Palikir
76%
Vanuatu Port-Vila
76%
Tuvalu Funafuti
75%
Palaos Ngerulmud
71%
Kiribati Tarawa
71%
Îles Marshall Majuro
63%
Aucun quiz correspondant
Distribution des résultats
% des personnes avec chaque résultat
Percentile par nombre de réponses
Votre historique - résultats
Vous n’avez pas pris ce quiz